000 00858nam a22002177a 4500
005 20240905112909.0
010 _aENG-141646
020 _a9789393934666
_c1200.00
035 _aEN-125178
037 _bDBAD
082 _a320.954
_21
245 _aG20 Women Empowerment and Tribal Development:
_bA Trilogy/
_cEdited By Anindya Guha; Renuca Rajni Beck Forword By Manas Chakrabarty
250 _a1
260 _aNew Delhi
_bShandilya Publications
_c2024
270 _a760, Pocket-D, Lok Nayak Puram
_bNew Delhi
_e110041
_k9811966858
_k9560825474
_k9999770680
_mshandilyapublications@gmail.com
_mshandilyabooks@gmail.com
300 _axxii,322p.
_c22cm(Hb)
700 _aGuha, Anindya
_eEditor
_971077
700 _aBeck, Renuca Rajni
_eEditor
_971078
700 _aChakrabarty, Manas
_eForword
_971079
942 _2ddc
_cEN
_mG20
_h320.954
_e1
999 _c205573
_d205573